Party walls (Record no. 105431)

MARC details
000 -LEADER
fixed length control field 01021cam a2200229 4500
001 - CONTROL NUMBER
control field ##L133610
008 - FIXED-LENGTH DATA ELEMENTS--GENERAL INFORMATION
fixed length control field 060523n2004 000 0 eng u
035 ## - SYSTEM CONTROL NUMBER
System control number (Sirsi) u133610
041 0# - LANGUAGE CODE
Language code of text/sound track or separate title eng
050 04 - LIBRARY OF CONGRESS CALL NUMBER
Classification number 692.2 $2 18
110 2# - MAIN ENTRY--CORPORATE NAME
Corporate name or jurisdiction name as entry element Royal Institution of Chartered Surveyors
9 (RLIN) 4900
245 00 - TITLE STATEMENT
Title Party walls
Remainder of title what every property owner should know
260 ## - PUBLICATION, DISTRIBUTION, ETC.
Place of publication, distribution, etc. London
Name of publisher, distributor, etc. RICS
Date of publication, distribution, etc. 2004
300 ## - PHYSICAL DESCRIPTION
Extent 1
Type of unit folded leaflet
Dimensions 21cm.
505 2# - FORMATTED CONTENTS NOTE
Formatted contents note What is a party wall? -- The Party Wall etc Act -- What doesn't the Act cover? -- What is covered by the Act? -- What do I do next? -- What if there's a dispute? -- How RICS can help you?
520 ## - SUMMARY, ETC.
Summary, etc. Provides advice aimed at the general public on building work to party walls that is covered by the legislation.
650 24 - SUBJECT ADDED ENTRY--TOPICAL TERM
Topical term or geographic name entry element PARTY WALL ETC ACT 1996
651 #4 - SUBJECT ADDED ENTRY--GEOGRAPHIC NAME
Geographic name England and Wales
Chronological subdivision 1543-
690 ## - LOCAL SUBJECT ADDED ENTRY--TOPICAL TERM (OCLC, RLIN)
Topical term or geographic name as entry element Boundary disputes
9 (RLIN) 6221
856 41 - ELECTRONIC LOCATION AND ACCESS
Uniform Resource Identifier <a href="https://www.rics.org/RICSWEB/getpage.aspx?p=AJ8UG5xFCUG1EB0R_mYHew">https://www.rics.org/RICSWEB/getpage.aspx?p=AJ8UG5xFCUG1EB0R_mYHew</a>
Public note View the item free of charge at www.rics.org...
942 ## - ADDED ENTRY ELEMENTS (KOHA)
Suppress in OPAC 0
Holdings
Withdrawn status Lost status Source of classification or shelving scheme Damaged status Not for loan Home library Current library Shelving location Date acquired Total Checkouts Full call number Barcode Date last seen Copy number Price effective from Koha item type Date last checked out
    Dewey Decimal Classification     London London RICS Boxes 19/06/2006   RICS 2004/40 30071149 06/08/2019 1 06/08/2019 Archive  
    Dewey Decimal Classification     London London RICS Boxes 19/06/2006   RICS 2004/40 30071145 06/08/2019 2 06/08/2019 Reference material  
    Dewey Decimal Classification     London London RICS Boxes 18/09/2007 1 RICS 2004/40 30071137 06/08/2019 3 06/08/2019 Book 23/11/2007
    Dewey Decimal Classification     Virtual Virtual Online 18/09/2007   ONLINE PUBLICATION 133610-5001 06/08/2019 1 06/08/2019 Book